Campeões Copa do Brasil - Statistics

Estatísticas Gerais
  • Esse quiz foi jogado 29 vezes
  • A pontuação média é 42 de 48
Estatísticas das Respostas
Hint Resposta % Correto
2014 Atlético MG
100%
2021 Atlético MG
100%
2016 Audax/Corinthians
100%
1995 Corinthians
100%
2002 Corinthians
100%
2009 Corinthians
100%
2025 Corinthians
100%
1993 Cruzeiro
100%
1996 Cruzeiro
100%
2000 Cruzeiro
100%
2003 Cruzeiro
100%
2017 Cruzeiro
100%
2018 Cruzeiro
100%
1990 Flamengo
100%
2006 Flamengo
100%
2013 Flamengo
100%
2022 Flamengo
100%
2024 Flamengo
100%
2007 Fluminense
100%
1989 Grêmio
100%
1994 Grêmio
100%
1997 Grêmio
100%
2001 Grêmio
100%
2016 Grêmio
100%
1992 Internacional
100%
1998 Palmeiras
100%
2012 Palmeiras
100%
2015 Palmeiras
100%
2020 Palmeiras
100%
2025 Palmeiras
100%
2010 Santos
100%
2008 Santos
100%
2009 Santos
100%
2023 São Paulo
100%
2019 Athletico PR
96%
2004 Santo André
89%
2008 Sport
89%
2011 Vasco da Gama
89%
1991 Criciúma
79%
2005 Paulista
79%
2014 Ferroviária
75%
1999 Juventude
75%
2012 São José SP
29%
2013 São José SP
29%
2010 Duque de Caxias
11%
2011 Foz Cataratas
7%
2015 Kindermann
7%
2007 Saad
7%
Nenhum quiz correspondente encontrado
Distribuição das Pontuações
Porcentagem de Pessoas com Cada Pontuação
Percentil de Números Respondidos
Sua Pontuação Histórica
Você não jogou esse quiz